Espejo del fuego /
Javier González-Rubio Iribarren (Ciudad de México, 1952), periodista, narrador, poeta y crítico de cine mexicano. Su narrativa ha sido comparada con la de Azuela, Yáñez y Nellie Campobello por las descripciones realistas, pero le ha incluido un erotismo original. Promotor de la cultura, ha asumido d...
Guardado en:
| Hovedforfatter: | |
|---|---|
| Format: | Bog |
| Sprog: | spansk |
| Udgivet: |
México :
CONACULTA,
2003, c2003
|
| Serier: | (Práctica Mortal)
|
| Fag: | |
| Tags: |
Ingen Tags, Vær først til at tagge denne postø!
|
MARC
| LEADER | 00000nam^a2200000^a^4500 | ||
|---|---|---|---|
| 001 | 000166109 | ||
| 005 | 20250521000000.0 | ||
| 009 | 20260310101042.413 | ||
| 020 | |a 970-35-0056-0 | ||
| 037 | |a Acervo ITESO - Biblioteca | ||
| 041 | |a ESP | ||
| 082 | |a 861. |b RUB | ||
| 100 | |a González Rubio Iribarren, Javier |e (autor) | ||
| 245 | 1 | 0 | |a Espejo del fuego / |c J. González Rubio Iribarren. |
| 264 | 4 | |a México : |b CONACULTA, |c 2003, c2003 | |
| 300 | |a 87 p. | ||
| 336 | |a texto |b txt |2 rdacontenido | ||
| 337 | |a sin mediación |b n |2 rdamedio | ||
| 338 | |a volumen |b nc |2 rdasoporte | ||
| 440 | 1 | |a (Práctica Mortal) | |
| 520 | |a Javier González-Rubio Iribarren (Ciudad de México, 1952), periodista, narrador, poeta y crítico de cine mexicano. Su narrativa ha sido comparada con la de Azuela, Yáñez y Nellie Campobello por las descripciones realistas, pero le ha incluido un erotismo original. Promotor de la cultura, ha asumido diversos puestos relacionados con la comunicación social, tanto públicos como privados, entre los ellos en el diario La Jornada en 1985 y en El Universal en 1986. Colaboró en Unomásuno, Proceso y Nexos. Es secretario de la Fundación Manuel Buendía y autor de la selección y prólogo de Ejercicio periodístico (1985) del extinto periodista. Entre sus obras tenemos: Espejo del fuego (2003), poemario; las novelas Las trampas (1981), Quererte fue mi castigo (1991) y La sala de espera azul (2009), finalista en la XIV edición del Premio Fernando Lara de Novela; de la obra teatral La serpiente devora al águila. Además es coautor junto con Emilio García Riera de El cine de Katy Jurado (1999) y Cine antropológico mexicano (2010) en coautoría con Hugo Lara Chávez. | ||
| 649 | |a XX | ||
| 650 | |a Poesía Mexicana | ||
| 650 | |a Literatura Mexicana - |y Siglo XXI | ||
| 910 | |a Fondo General | ||
| 920 | |a Impresos - Libros | ||
| 930 | |a Colección General | ||
| 940 | |a Literatura | ||
| 905 | |a 101 | ||
| 901 | |a 0500101394 |b IT1 |c LIT |u 20250521 | ||
| 902 | |a https://opac.biblio.iteso.mx/vufind/Record/000166109 | ||